00614nam a22001697a 4500003000400000005001700004008004100021020001500062040000700077082001800084245007800102260005900180300003100239942001800270999001700288952013900305OSt20211223095850.0211223b |||||||| |||| 00| 0 eng d a8183562086 cHU a371.100820954 aGender issues and women empowermentc Noorjehan N Ganihar; Shahataj Begum a New Delhi :b DPH Discovery Publishing House,c 2007. a 232 pages ; 22 cmc 22 cm 2ddccBOOKSn0 c23648d23648 00102ddc40708REFa004b004cGENd2021-12-23l0o371.100820954 GAN 2007pWGCFNRL00007656r2021-12-23 00:00:00t1w2021-12-23yBOOKS